000 00464nam a22001697a 4500
005 20230119122401.0
008 200517b xxu||||| |||| 00| 0 eng d
020 _a9798186270744
041 _aeng
082 _a615.19 SID
100 _aSiddique ,Dr. Anees ,Ahmad
_96892
245 _aINORGANIC PHARMACEUTICAL CHEMISTRY
260 _aNew Delhi
_bCBS Publishers and distributors
_c2019
300 _a264, viii
650 _aPharmacy
_xB.PHARMA
_97083
942 _cBK
999 _c6241
_d6239